Tous les pixar - Statistiques

Statistiques générales
  • Ce quiz a été pris 399 fois
    83 depuis la dernière actualisation
  • Le résultat moyen est 21 sur 28
Statistiques - réponses
Date de sortie Réponse % Correct
1996 Toy story
96%
2010 Toy story 3
91%
2019 Toy story 4
91%
2000 Toy story 2
90%
2006 Cars
87%
2021 Luca
81%
2015 Vice versa
81%
2011 Cars 2
79%
2017 Cars 3
79%
2008 Wall e
78%
2003 Le monde de némo
76%
2004 Les indestructibles
76%
2024 Vice Versa 2
76%
2009 La haut
75%
2020 Soul
75%
2016 Le monde de Dory
74%
2018 Les indestructibles 2
74%
2007 Ratatouille
74%
2017 Coco
66%
2012 Rebelle
66%
2002 Monstres et cie
65%
2022 Alerte rouge
63%
1998 1001 pattes
62%
2020 En avant
60%
2023 Elementaire
59%
2013 Monstres academy
59%
2022 Buzz L'éclair
50%
2015 Le voyage d'Arlo
47%
Aucun quiz correspondant
Distribution des résultats
% des personnes avec chaque résultat
Percentile par nombre de réponses
Votre historique - résultats
Vous n’avez pas pris ce quiz depuis la dernière actualisation